Les MVs les plus vues de Katseye (avril 2026) - Statistiques

Statistiques générales
  • Ce quiz a été pris 115 fois
    12 depuis la dernière actualisation
  • Le résultat moyen est 6 sur 7
Statistiques - réponses
Date de sortie Nombre de vues MV % Correct
28 juin 2024 70 M Debut
100%
30 avril 2025 175 M Gnarly
100%
26 juillet 2024 253 M Touch
100%
20 juin 2025 73 M Gabriela
91%
27 juin 2025 128 M Gameboy
91%
9 avril 2026 21 M Pinky Up
82%
18 juillet 2025 35 M Monster High Fright Song
9%
Aucun quiz correspondant
Distribution des résultats
% des personnes avec chaque résultat
Percentile par nombre de réponses
Votre historique - résultats
Vous n’avez pas pris ce quiz depuis la dernière actualisation